8 mots dans mots : roi (mort subite) - Statistiques

Statistiques générales
  • Ce quiz a été pris 49 fois
  • Le résultat moyen est 4 sur 8
Answers on the Grid
Answers color-coded by a green-red scale on the quiz's grid according to % correct below.
Ti---rs-caisses
R---vestir
Tr---ièmement
Hyperthy---die
Par---ute-frein
Entrec---ser
Dépa---ller
Inf---ssabilité
Ra---reiller
Quatre-vingt-t---s
Pr----pressionniste
Chassés-c---sés
Interc---ssance
Quatre-vingt-tr---e
O---éicultrice
Sous-ref---dissement
 
Statistiques - réponses
Réponse % Correct
Ti---rs-caisses
90%
Entrec---ser
59%
Quatre-vingt-t---s
59%
Interc---ssance
54%
Hyperthy---die
46%
Chassés-c---sés
44%
Inf---ssabilité
41%
Sous-ref---dissement
41%
Aucun quiz correspondant
Distribution des résultats
% des personnes avec chaque résultat
Percentile par nombre de réponses
Votre historique - résultats
Vous n’avez pas pris ce quiz